[Event "Hessenliga 0708"]
[Site "Germany"]
[Date "2007.11.11"]
[Round "3.5"]
[White "Perlitz, Sven"]
[Black "Bahlke, Wolfgang"]
[Result "1/2-1/2"]
[WhiteElo "2155"]
[BlackElo "2099"]
[PlyCount "105"]
[EventDate "2007.09.30"]
[EventType "team-tourn"]
[EventRounds "9"]
[EventCountry "GER"]
[SourceTitle "EXT 2009"]
[Source "ChessBase"]
[SourceDate "2008.11.26"]
[SourceVersion "1"]
[SourceVersionDate "2008.11.26"]
[SourceQuality "1"]
[WhiteTeam "Koenig Nied"]
[BlackTeam "Dettingen"]
[WhiteTeamCountry "GER"]
[BlackTeamCountry "GER"]

1. e4 c5 2. c3 Nf6 3. e5 Nd5 4. d4 e6 5. Nf3 cxd4 6. cxd4 Bb4+ 7. Bd2 Nc6 8. Nc3 Nxc3 9. bxc3 Be7 10. Bd3 d6 11. Be4 Qc7 12. exd6 Bxd6 13. 0-0 h6 14. Re1 0-0 15. Qc1 f5 16. Bxc6 bxc6 17. Ne5 c5 18. Qd1 Bb7 19. Qa4 Rad8 20. Re2 f4 21. f3 Rf5 22. Rae1 cxd4 23. cxd4 Bd5 24. Ba5 Qc8 25. Rc2 Qa6 26. Rb1 Bxe5 27. dxe5 Rc8 28. Rxc8+ Qxc8 29. Qb4 Qc2 30. Bd8 Rxe5 31. Re1 Rxe1+ 32. Qxe1 Bxa2 33. h4 Bd5 34. Qe5 Qc1+ 35. Kh2 Qe3 36. Bc7 Qxe5 37. Bxe5 a5 38. Bxf4 a4 39. Bc1 Kf7 40. Kg3 e5 41. Kf2 h5 42. Ke3 Ke6 43. Kd3 Bc6 44. Kc4 g6 45. Kb4 Kf5 46. Bd2 Ke6 47. Bh6 Kd5 48. Be3 a3 49. Kxa3 Kc4 50. Bb6 Kd3 51. Bc7 Ke3 52. Bxe5 Kf2 53. g4 1/2-1/2

[Event "Hessenliga 0708"]
[Site "Germany"]
[Date "2007.09.30"]
[Round "1.7"]
[White "Winter, Bernd"]
[Black "Bahlke, Wolfgang"]
[Result "1/2-1/2"]
[WhiteElo "1989"]
[BlackElo "2099"]
[PlyCount "116"]
[EventDate "2007.09.30"]
[EventType "team-tourn"]
[EventRounds "9"]
[EventCountry "GER"]
[SourceTitle "EXT 2009"]
[Source "ChessBase"]
[SourceDate "2008.11.26"]
[SourceVersion "1"]
[SourceVersionDate "2008.11.26"]
[SourceQuality "1"]
[WhiteTeam "Eppstein"]
[BlackTeam "Dettingen"]
[WhiteTeamCountry "GER"]
[BlackTeamCountry "GER"]

1. d4 d5 2. Nf3 Nf6 3. e3 e6 4. Bd3 c5 5. c3 Nc6 6. Nbd2 Bd6 7. 0-0 0-0 8. Qe2 e5 9. dxe5 Bxe5 10. Nxe5 Nxe5 11. Bc2 Re8 12. e4 d4 13. cxd4 cxd4 14. Bd3 Be6 15. f3 Qc7 16. Rd1 Rad8 17. Nb3 Bxb3 18. axb3 Nxd3 19. Qxd3 Nd7 20. Bg5 f6 21. Bh4 Ne5 22. Qd2 a6 23. Bf2 Qf7 24. Qb4 Rd7 25. Rxd4 Rxd4 26. Bxd4 Nc6 27. Qc3 Nxd4 28. Qxd4 Qxb3 29. Rc1 Re7 30. Rc4 Qb5 31. Rc5 Qd7 32. Rd5 Qe6 33. Qc5 Kf7 34. h3 g6 35. b4 Rd7 36. Rxd7+ Qxd7 37. Qc4+ Kg7 38. Qc5 Kf7 39. Qc4+ Qe6 40. Qc7+ Qe7 41. Qc4+ Kg7 42. Kf2 Qd6 43. Ke2 Qe5 44. Kf2 a5 45. bxa5 Qxa5 46. Qe6 Qc5+ 47. Kf1 b5 48. Qd7+ Kh6 49. Qd2+ g5 50. Qd8 Qc4+ 51. Ke1 Qe6 52. Qb8 Qc4 53. Qf8+ Kg6 54. Qe8+ Kg7 55. Qe7+ Qf7 56. Qc5 Qb7 57. e5 f5 58. Qd6 Qf7 1/2-1/2